| 000 | 00651cam a22002051 4500 | ||
|---|---|---|---|
| 001 | af 48002305 | ||
| 003 | DLC | ||
| 005 | 20260227110854.0 | ||
| 008 | 930726s1944 it bch 000 0 ita c | ||
| 010 | _aaf 48002305 | ||
| 035 | _a(OCoLC)28516961 | ||
| 040 |
_aCalifornia. Univ. Libr. _cCU _dDLC |
||
| 050 | 0 | 0 |
_aDG552.8.G2 _bA34 1944 |
| 082 | 0 | 0 |
_a945/.08/092 _aB |
| 100 | 1 |
_aGaribaldi, Giuseppe, _d1807-1882. |
|
| 245 | 0 | 0 |
_aMemorie autobiografiche, _bnuova trascrizione e premessa di Jolanda de Blasi. |
| 260 |
_aFirenze, _bCya _c[1944] |
||
| 300 |
_axix, 417 p. _bports., fold. map, facsims. _c18 cm. |
||
| 700 | 1 |
_aDe Blasi, Jolanda, _d1888-1964, _eed. |
|
| 999 |
_c4967 _d4967 |
||